KI und das Software Engineering der Zukunft
Enregistré dans:
| Auteur principal: | |
|---|---|
| Format: | Livre |
| Langue: | allemand |
| Publié: |
Hamburg
McGraw-Hill
1989
|
| Édition: | 1. Aufl. |
| Tags: |
Pas de tags, Soyez le premier à ajouter un tag!
|
MARC
| LEADER | 00000nam a2200000 4500 | ||
|---|---|---|---|
| 001 | c040592 | ||
| 005 | 20250519121559.7 | ||
| 041 | 0 | |a ger | |
| 044 | |a DE | ||
| 245 | 1 | 0 | |a KI und das Software Engineering der Zukunft |c Derek Partridge |
| 250 | |a 1. Aufl. | ||
| 264 | 1 | |a Hamburg |b McGraw-Hill |c 1989 | |
| 300 | |a 268 s. | ||
| 100 | 1 | |a Partridge, Derek | |